| 000 | 00790nam a22002177a 4500 | ||
|---|---|---|---|
| 003 | OSt | ||
| 005 | 20251205013037.0 | ||
| 008 | 251205b |||||||| |||| 00| 0 eng d | ||
| 020 | _a978-971-542-021-1. | ||
| 040 |
_aDWCL-Admin lib _cOC |
||
| 082 | _aFil. 899.211 P557 2004 | ||
| 100 | _aHidalgo, Cristina Pantoja | ||
| 245 |
_aPhilippine postcolonial studies : _bessays or language and literature / _cCristina Pantoja Hidalgo |
||
| 260 |
_aquezon City : _bThe University of the Philippines Press, _cc2004 |
||
| 300 |
_a viii, 155 p. : _c23 cm. |
||
| 650 | _a1. Philippine literature-History and criticism | ||
| 650 | _a2. Postcolonialism in literature. | ||
| 650 | _a3. Postcolonialism-Philippines. | ||
| 700 | _aPatajo-Legasto, Priscelina | ||
| 942 |
_2ddc _cBK - FIL _e 2nd ed. _kFil. _n0 |
||
| 999 |
_c6893 _d6893 |
||